[Event "SV Heiden 1 - SF Beelen 1"]
[Site "Verbandsliga 2016/2017"]
[Date "2017.05.06"]
[Round "9.5"]
[White "Hofene, Josef"]
[Black "Vestrick, Frank"]
[Result "1/2-1/2"]
[WhiteElo "1672"]
[BlackElo "1706"]
[PlyCount "41"]
[EventDate "2017.??.??"]
[SourceDate "2016.09.26"]

1. e4 d6 2. d4 Nf6 3. Nc3 g6 4. Bc4 Bg7 5. Nf3 c6 6. O-O b5 7. Bd3 Nbd7 8. Re1
b4 9. Ne2 e5 10. c3 c5 11. Qa4 Qc7 12. dxe5 dxe5 13. cxb4 O-O 14. Be3 Qd6 15.
Rad1 cxb4 16. Bb1 Qb8 17. h3 a5 18. Rd2 Ba6 19. Ng3 Bb5 20. Qb3 Qb7 21. Red1
1/2-1/2

[Event "SV Heiden 1 - SF Beelen 1"]
[Site "Verbandsliga 2016/2017"]
[Date "2017.05.06"]
[Round "9.6"]
[White "Wetter, Ralf"]
[Black "Schemmann, Bernhard"]
[Result "0-1"]
[WhiteElo "1884"]
[BlackElo "1853"]
[PlyCount "72"]
[EventDate "2017.??.??"]
[SourceDate "2016.09.26"]

1. Nf3 d5 2. d3 c5 3. g3 Nc6 4. Bg2 e5 5. O-O Be7 6. Nbd2 g5 7. e4 d4 8. a4 Be6
9. Nc4 f6 10. Nfd2 Qd7 11. f4 gxf4 12. gxf4 Bg4 13. Nf3 O-O-O 14. a5 h5 15. Qe1
Nh6 16. fxe5 Rdg8 17. exf6 Bxf6 18. Bxh6 Rxh6 19. e5 Be7 20. Qe4 Bh3 21. Rf2
Rg4 22. Qe2 Rhg6 23. Ne1 Qd5 24. a6 bxa6 25. Rxa6 Kb7 26. Ra3 h4 27. Nd6+ Bxd6
28. Rb3+ Kc8 29. exd6 Ne5 30. Qf1 Bxg2 31. Rxg2 Rxg2+ 32. Nxg2 Nf3+ 33. Kf2 Rf6
34. Nf4 Rxf4 35. Qh3+ Qf5 36. d7+ Kxd7 0-1

[Event "SV Heiden 1 - SF Beelen 1"]
[Site "Verbandsliga 2016/2017"]
[Date "2017.05.06"]
[Round "9.7"]
[White "Hanewinkel, Martin"]
[Black "Niewerth, Gerd"]
[Result "1/2-1/2"]
[WhiteElo "1814"]
[BlackElo "1766"]
[PlyCount "105"]
[EventDate "2017.??.??"]
[SourceDate "2016.09.26"]

1. d4 Nf6 2. Nf3 g6 3. Bf4 Bg7 4. c3 d6 5. e3 O-O 6. Bc4 Nc6 7. Nbd2 h6 8. Qc2
d5 9. Bd3 Nh5 10. h3 Nxf4 11. exf4 e6 12. g4 Qf6 13. f5 exf5 14. gxf5 Re8+ 15.
Kf1 Bxf5 16. Bxf5 Qxf5 17. Qxf5 gxf5 18. Nh4 Ne7 19. Re1 Bf6 20. Ndf3 Kh7 21.
Ng2 c6 22. Ne5 Bxe5 23. Rxe5 f6 24. Re3 Kg7 25. Nh4 Kf7 26. Ke2 f4 27. Rxe7+
Rxe7+ 28. Kf3 Rh8 29. Nf5 Re6 30. Rg1 Rh7 31. Rg4 Re1 32. Nd6+ Ke6 33. Nc8 b6
34. Rg8 Rb1 35. Rd8 Rc7 36. b3 Rb2 37. c4 Rxa2 38. Rd6+ Kf7 39. Rd8 dxc4 40.
bxc4 Ra3+ 41. Kxf4 Rxh3 42. Rh8 Kg7 43. Rd8 b5 44. Nd6 Kh7 45. cxb5 cxb5 46.
Nxb5 Re7 47. d5 Rd3 48. d6 Rb7 49. Nc7 Rxd6 50. Rxd6 Rxc7 51. Rxf6 Kg7 52. Ra6
Rb7 53. Kg4 1/2-1/2

[Event "SV Heiden 1 - SF Beelen 1"]
[Site "Verbandsliga 2016/2017"]
[Date "2017.05.06"]
[Round "9.8"]
[White "Wichert, Michael"]
[Black "Fartmann, Franz-Josef"]
[Result "0-1"]
[WhiteElo "1689"]
[BlackElo "1752"]
[PlyCount "90"]
[EventDate "2017.??.??"]
[SourceDate "2016.09.26"]

1. Nf3 Nf6 2. d3 g6 3. e4 d6 4. Be2 Bg7 5. O-O O-O 6. c3 e5 7. Bg5 h6 8. Bxf6
Bxf6 9. d4 Nc6 10. dxe5 Nxe5 11. Nbd2 Nxf3+ 12. Nxf3 Qe7 13. Bd3 Bg4 14. h3 Bd7
15. Nd4 c5 16. Ne2 Bc6 17. Qc2 b5 18. b3 Rac8 19. f3 Qe6 20. Nf4 Qe5 21. Ne2 c4
22. bxc4 bxc4 23. Bxc4 Qc5+ 24. Kh1 Qxc4 25. Rac1 Bb5 26. Rfe1 Bh4 27. g3 Bf6
28. Qd2 Qd3 29. Qxd3 Bxd3 30. Nf4 Bc4 31. Rc2 Be5 32. Kh2 Bxf4 33. gxf4 Rc6 34.
Rg1 d5 35. Rb2 dxe4 36. fxe4 Bd3 37. Rg3 Bxe4 38. h4 h5 39. Rb5 Kh7 40. Rb7 Ra6
41. Re7 Rxa2+ 42. Kg1 Bf5 43. c4 Be6 44. c5 Rd8 45. Rg2 Rxg2+ 0-1

[Event "SF Stadtlohn 1 - SC Falke Saerbeck 1"]
[Site "Verbandsliga 2016/2017"]
[Date "2017.05.06"]
[Round "9.2"]
[White "Kloster, Daniel"]
[Black "Kipp, Lucas"]
[Result "1/2-1/2"]
[WhiteElo "1769"]
[BlackElo "1892"]
[PlyCount "46"]
[EventDate "2017.??.??"]
[SourceDate "2016.09.26"]

1. d4 d5 2. Nf3 Nf6 3. Bf4 Bf5 4. e3 e6 5. Nbd2 Nbd7 6. Be2 Be7 7. O-O O-O 8.
c4 c5 9. Qb3 b6 10. h3 h6 11. Bd3 Bxd3 12. Qxd3 Re8 13. Ne5 Nxe5 14. dxe5 Nh7
15. Rad1 Qd7 16. cxd5 Qxd5 17. Nc4 Rad8 18. Qxd5 exd5 19. Nd6 Bxd6 20. exd6 Nf6
21. Rd3 Rd7 22. Rfd1 Re4 23. f3 Re6 1/2-1/2

[Event "SF Stadtlohn 1 - SC Falke Saerbeck 1"]
[Site "Verbandsliga 2016/2017"]
[Date "2017.05.06"]
[Round "9.3"]
[White "Fischer, Andreas"]
[Black "Bußwolder, Peter"]
[Result "1-0"]
[WhiteElo "1927"]
[BlackElo "1734"]
[PlyCount "103"]
[EventDate "2017.??.??"]
[SourceDate "2016.09.26"]

1. e4 c5 2. Nf3 d6 3. d4 cxd4 4. Nxd4 Nf6 5. f3 e6 6. c4 Be7 7. Be3 Nc6 8. Nc3
O-O 9. Be2 a6 10. O-O e5 11. Nb3 Be6 12. Rc1 Rc8 13. Qd2 Nb8 14. Nd5 Bxd5 15.
cxd5 Qd7 16. Qb4 Rxc1 17. Rxc1 Rc8 18. a4 Rxc1+ 19. Bxc1 Qc7 20. Be3 Bd8 21.
Bd3 Nfd7 22. Kf2 b6 23. Be2 Be7 24. Nd2 Nc5 25. Qc4 Qd7 26. Bd1 b5 27. axb5
axb5 28. Qc3 b4 29. Qc4 Nba6 30. Be2 Qb7 31. Qb5 Qxb5 32. Bxb5 Bd8 33. Bxa6
Nxa6 34. Ke2 Kf8 35. Kd3 Ke7 36. Kc4 Kd7 37. Kb5 Nc7+ 38. Kxb4 f5 39. Kc4 fxe4
40. Nxe4 h6 41. b4 Ne8 42. b5 Kc7 43. b6+ Kb7 44. Kb5 Be7 45. Nc3 Nf6 46. Kc4
Bd8 47. Kb5 Nd7 48. Ne4 Be7 49. Bf2 Nf6 50. Nxf6 gxf6 51. g4 Bd8 52. Be3 1-0

[Event "SF Stadtlohn 1 - SC Falke Saerbeck 1"]
[Site "Verbandsliga 2016/2017"]
[Date "2017.05.06"]
[Round "9.4"]
[White "Becking, Stefan"]
[Black "Hoge, Reinhard"]
[Result "0-1"]
[WhiteElo "1671"]
[BlackElo "1871"]
[PlyCount "70"]
[EventDate "2017.??.??"]
[SourceDate "2016.09.26"]

1. e4 c5 2. Nf3 Nc6 3. d4 cxd4 4. Nxd4 g6 5. Nc3 Bg7 6. Be3 Nf6 7. Bc4 Qa5 8.
O-O O-O 9. f3 d6 10. Qd2 Bd7 11. Rad1 Ne5 12. Bb3 Rfc8 13. Nd5 Qd8 14. Qe2 Rab8
15. c3 b5 16. Nxf6+ Bxf6 17. f4 Bg4 18. Nf3 Nxf3+ 19. gxf3 Bh3 20. Rfe1 Qc7 21.
Qf2 Be6 22. Bxa7 Rb7 23. Bxe6 fxe6 24. Bd4 e5 25. fxe5 dxe5 26. Be3 Qc4 27. b3
Qe6 28. Rc1 Rbc7 29. Bd2 Qa6 30. Ra1 Qa3 31. Bc1 Qd6 32. Bb2 Rd7 33. Qe2 Rcd8
34. Rec1 Bg5 35. Rc2 Qb6+ 0-1

[Event "SF Stadtlohn 1 - SC Falke Saerbeck 1"]
[Site "Verbandsliga 2016/2017"]
[Date "2017.05.06"]
[Round "9.7"]
[White "Bartsch, Rainer"]
[Black "Wiggers, Ralf"]
[Result "1-0"]
[WhiteElo "1805"]
[BlackElo "1469"]
[PlyCount "65"]
[EventDate "2017.??.??"]
[SourceDate "2016.09.26"]

1. d4 d5 2. Nf3 Nf6 3. e3 Bg4 4. Nbd2 Nbd7 5. Bd3 e6 6. h3 Bxf3 7. Nxf3 Bd6 8.
c4 Bb4+ 9. Bd2 Bxd2+ 10. Nxd2 c5 11. cxd5 Nxd5 12. dxc5 Nxc5 13. Bb5+ Nd7 14.
O-O O-O 15. Nf3 N7f6 16. Qe2 Qe7 17. Rfd1 Rfd8 18. Ne5 Rac8 19. Rac1 Qb4 20. a3
Qe4 21. Nc4 Nf4 22. Qf1 Rxd1 23. Rxd1 N4d5 24. Nd6 Qc2 25. Nxc8 Qxc8 26. Rc1
Qd8 27. Qd3 a6 28. Ba4 b5 29. Bc2 Qa8 30. Bb1 g6 31. Qd4 Kg7 32. Be4 Kh6 33.
Qxf6 1-0

[Event "SF Stadtlohn 1 - SC Falke Saerbeck 1"]
[Site "Verbandsliga 2016/2017"]
[Date "2017.05.06"]
[Round "9.8"]
[White "Veldscholten, Jarod"]
[Black "Schröter, Manfred"]
[Result "0-1"]
[WhiteElo "1177"]
[BlackElo "1811"]
[PlyCount "78"]
[EventDate "2017.??.??"]
[SourceDate "2016.09.26"]

1. d4 d5 2. Nc3 Nc6 3. Nf3 Nf6 4. Bf4 Bf5 5. Nb5 Rc8 6. a3 a6 7. Nc3 e6 8. Bg5
h6 9. Bh4 Bd6 10. e3 g5 11. Nxg5 hxg5 12. Bxg5 Be7 13. Bxf6 Bxf6 14. g4 Bg6 15.
f4 Bh4+ 16. Kd2 Na5 17. Kc1 c5 18. dxc5 Bf6 19. g5 Bxc3 20. bxc3 Qe7 21. Qd4
Rh7 22. Qa4+ Nc6 23. Rb1 Be4 24. Bd3 Bxd3 25. cxd3 Qxc5 26. Kd2 Rh3 27. d4 Qa7
28. Rbg1 b5 29. Qc2 Nxd4 30. exd4 Rcxc3 31. Qxc3 Rxc3 32. Kxc3 Qc7+ 33. Kb2
Qxf4 34. Rc1 Qxd4+ 35. Rc3 a5 36. Kb3 a4+ 37. Kb2 b4 38. axb4 Qxb4+ 39. Kc2
Qe4+ 0-1